<?xml version="1.0" encoding="UTF-8"?>
<marc:record xmlns:marc="http://www.loc.gov/MARC21/slim">
   <marc:leader>00000nam a2200000 a 4500</marc:leader>
   <marc:datafield ind1="1" ind2=" " tag="100">
      <marc:subfield code="a">Walderode, J.</marc:subfield>
   </marc:datafield>
   <marc:datafield ind1="1" ind2=" " tag="100">
      <marc:subfield code="a">Leopold &lt;Römisch-Deutsches Reich, Kaiser, I.&gt;</marc:subfield>
   </marc:datafield>
   <marc:datafield ind1="1" ind2=" " tag="100">
      <marc:subfield code="a">Waldersdorff, J. de</marc:subfield>
   </marc:datafield>
   <marc:datafield ind1="0" ind2="0" tag="245">
      <marc:subfield code="a">[Mariale Festivale]</marc:subfield>
   </marc:datafield>
   <marc:datafield ind1=" " ind2="1" tag="264">
      <marc:subfield code="c">1667</marc:subfield>
   </marc:datafield>
   <marc:datafield ind1=" " ind2=" " tag="250">
      <marc:subfield code="a">Editio Secunda Auctior Et Correctior</marc:subfield>
   </marc:datafield>
   <marc:datafield ind1="1" ind2=" " tag="520">
      <marc:subfield code="a">Vermerk am Titelbl.: Loci Capucinorum Wolfsberga, Anmerkungen auf der Versoseite des Titelbl.: Casparus [?] Vicari 1669; Frontispiz und 41 weitere Bl. fehlen, Druckersigne am Titelbl. http://zentralbibliothek.kapuziner.at/kupferstiche/provinzbibliothek/IMG_1949.jpg, ill. Initialen, Zierinitialen, Verzierungen und Zierkupferstiche im Text; Pergamenteinband auf Buchdeckeln aus mit roten und schwarzen Buchstaben bedruckten Papier, Buchrücken mit Aufschrift "Mariale P, Procopii" "Mariale || Patris Pro= || copij Prima || Pars" und Signatur "G 23", 4 grüne Schließenbänder aus Stoff (nur im Ansatz vorhanden), rot gesprenkelte Schnittkante.</marc:subfield>
   </marc:datafield>
   <marc:datafield ind1=" " ind2=" " tag="041">
      <marc:subfield code="a">ger</marc:subfield>
   </marc:datafield>
   <marc:datafield ind1=" " ind2=" " tag="500">
      <marc:subfield code="a">Bibliogr. Nachweis: VD17 23:299633E</marc:subfield>
   </marc:datafield>
   <marc:datafield ind1="0" ind2=" " tag="490">
      <marc:subfield code="v">1.</marc:subfield>
   </marc:datafield>
   <marc:datafield ind1=" " ind2=" " tag="300">
      <marc:subfield code="a">[2] Bl., 639 S.</marc:subfield>
   </marc:datafield>
</marc:record>
